Encyclopedia of Islam In urdu (Record no. 65136)
[ view plain ]
| 000 -LEADER | |
|---|---|
| fixed length control field | 00206nam a22000977a 4500 |
| 082 ## - DEWEY DECIMAL CLASSIFICATION NUMBER | |
| Classification number | 297.03UPL |
| 100 ## - MAIN ENTRY--AUTHOR NAME | |
| Personal name | University Of punjab |
| 245 ## - TITLE STATEMENT | |
| Title | Encyclopedia of Islam In urdu |
| 250 ## - EDITION STATEMENT | |
| Edition statement | VOL 20 |
| 942 ## - ADDED ENTRY ELEMENTS (KOHA) | |
| Koha item type | Books |
| Withdrawn status | Lost status | Collection code | Home library | Current library | Date acquired | Full call number | Accession Number | Koha item type |
|---|---|---|---|---|---|---|---|---|
| Reference | Reference Section | Reference Section | 08/07/2019 | 297.03UPL (Shelf - 15E) | R12145 | Books |